000
00286nam a2200109Ia 4500
001
1268529
005
20260417145252.0
008
260417s9999 xx 000 0 und d
020
_a
9786258159103
245
0
_a
Gazali ile Ateş ve Pamuk Arasında
_c
Özkan Öze
260
_b
Ketebe Çocuk
999
_c
1268529
_d
1268529